• 首页
  • 本馆介绍
  • 公告通知
  • 最新文献
  • 馆藏检索
  • 电子资源
  • 读者导购
  • 参考咨询
  • 我的图书馆
  • 登录
  • 详细信息显示
  • 放入我的书架
  • 预约/预借图书
  • 作者相关作品
  • 分类相关作品
  • 丛书相关作品
  • 出版社相关作品

书目信息

  • 表格格式
  • 工作单格式
  • 卡片格式
题名:
计算机音乐教程
    
 
作者: 罗兹 著 ;李斯心 译
分册: 上  
出版信息: 北京   人民音乐出版社  2011.05
页数: 15,536页
开本: 26cm
丛书名:
单 册:
中图分类: J619-39
科图分类:
主题词: 计算机音乐--音乐制作--高等学校--教材 , 计算机音乐 , 音乐制作
电子资源:
ISBN: 978-7-103-03702-7
000 01095nam0 2200289 450
001 005284104
005 20140612095518.38
010    @a978-7-103-03702-7@dCNY91.00,CNY182.00(2册)
100    @a20110706d2011 em y0chiy0110 ea
101 0  @achi@ceng
102    @aCN@b110000
105    @aa z 000yy
106    @ar
200 1  @a计算机音乐教程@9ji suan ji yin yue jiao cheng@dThe computer music tutorial@h上@f(美)柯蒂斯·罗兹(Curtis Roads)等著@g李斯心[等]译@zeng
210    @a北京@c人民音乐出版社@d2011.05
215    @a15,536页@c图@d26cm
305    @a由Massach usetts institute of technology授权出版
330    @a本书内容包括:数字音频概念;音乐系统编程;数字声音合成引论;采样合成与加法合成;调制合成;物理模型与共振峰合成、计算机音乐中的心理声学等。
510 1  @aThe computer music tutorial@zeng
606 0  @a计算机音乐@x音乐制作@x高等学校@j教材
606 0  @a计算机音乐
606 0  @a音乐制作
690    @aJ619-39@v4
701  0 @c(美)@a罗兹@9luo zi@c(Roads, Curtis)@4著
702  0 @a李斯心@9li si xin@4译
801  0 @aCN@bNLC@c20120106
905    @b549700-02@dJ619-39@e622:1@f3
    
    计算机音乐教程=The computer music tutorial.上/(美)柯蒂斯·罗兹(Curtis Roads)等著/李斯心[等]译.-北京:人民音乐出版社,2011.05
    15,536页:图;26cm
    
    
    ISBN 978-7-103-03702-7:CNY91.00,CNY182.00(2册)
    本书内容包括:数字音频概念;音乐系统编程;数字声音合成引论;采样合成与加法合成;调制合成;物理模型与共振峰合成、计算机音乐中的心理声学等。
●
相关链接 在E读中查询图书 在五车中查询图书 在当当中查询图书 在豆瓣中查询图书


正题名:计算机音乐教程     索取号:J619-39/622:1         预约/预借

序号 登录号 条形码 馆藏地/架位号 状态 备注
1 549700   205497005   第一样本阅览室/ [索取号:J619-39/622:1] 在馆    
2 549701   205497014   密集书库-音乐系/ [索取号:J619-39/622:1] 在馆    
3 549702   205497023   第一借阅区/ [索取号:J619-39/622:1] 在馆    
唐山师范学院图书馆 欢迎您!
大连网信软件有限公司© 版权所有